000 01356nam a2200373 i 4500
001 101134
003 FINmELB
005 20241217173116.0
006 m o d |
007 cr cnu||||||||
008 211230s2021 sp a o 000 0 spa d
020 _a9788416763443
_q(print)
020 _a9788416763450
_q(e-book)
035 _a(OCoLC)1319738213
040 _aFINmELB
_bspa
_erda
_cFINmELB
050 4 _aML410.B4
_bM4349 2021
080 _a82-31:741.52
082 0 4 _a780.92
_223
100 1 _aMatsuura, Jun,
_eautor.
245 1 0 _aBeethoven /
_cJun Matsuura.
264 1 _aEspaña :
_bHerder Editorial,
_c2021.
300 _a1 recurso en línea (251 páginas) :
_bilustraciones
336 _atexto
_btxt
_2rdacontent/spa
337 _acomputadora
_bc
_2rdamedia/spa
338 _arecurso en línea
_bcr
_2rdacarrier/spa
588 _aDescripción basada en metadatos suministrados por el editor y otras fuentes.
590 _aRecurso electrónico. Santa Fe, Arg.: elibro, 2022. Disponible vía World Wide Web. El acceso puede estar limitado para las bibliotecas afiliadas a elibro.
600 1 4 _aBeethoven, Ludwig van,
_d1770-1827.
650 0 _aComic books, strips, etc.
650 4 _aCómics.
655 4 _aLibros electrónicos.
797 2 _aelibro, Corp.
856 4 0 _uhttps://elibro.net/ereader/politecnicointernacional/173473
999 _c101134
_d101134